01905nam a2200361 u 4500001001000000003000900010005001700019008004100036020001500077040002500092082002100117100004200138245016600180260003800346300003600384500006200420504003200482590002700514650003400541650005100575650006200626650008800688650007700776650002600853910004100879942001400920952011400934952012001048952012001168952012001288952012001408999001501528000002987DO-SdBNP20260316133924.0090706s2001 dr c r 000 0 spa d a9993420174 aDO-SdBNPbspacBNPHU 4a330.9bM347d2221 aMarlbor Alvarado, Jorge,d1963-9947010aDominicanismo universal :brelación económica, política, cultural y social de la República Dominicana con un mundo globalizado /cJorge Marlbor Alvarado. aSanto Domingo :bManatí,c2001. a245 p. :bil., retrs. ;c21 cm. aIncluye datos biográficos del autor en la contraportada aBibliografía : p. 243-245 aInventariado, 2018/ YL 0aPolítica económica 99471 0a Relaciones económicas internacionales91067 4aDesarrollo económicovEnsayos, conferencias, etc.99472 4aPotencial de crecimientozRepública DominicanavEnsayos, conferencias, etc.99473 4aCompetencia económica internacionalvEnsayos, conferencias, etc.99474 0aGlobalización91524 aValidado. Control de calidad MMOLINA 2ddccLBS1 0010718PDaPDbPDcHDd2009-07-06iLF1l0o330.9 M347dp2987-10r2020-06-25w2020-06-25yLFPDZNo se presta 0010718PDaPDbPDcHDd2009-07-06iLF1l0o330.9 M347dp2987-20r2020-06-25te. 2w2020-06-25yLFPDZNo se presta 0010718DSaPDbPDcHDd2018-05-28iLF1l0o330.9 M347dp2987-30r2020-06-25te. 3w2020-06-25yLFDSZNo se presta 0010718DSaPDbPDcHDd2018-05-28iLF1l0o330.9 M347dp2987-40r2020-06-25te. 4w2020-06-25yLFDSZNo se presta 0010718DSaPDbPDcHDd2018-05-28iLF1l0o330.9 M347dp2987-50r2020-06-25te. 5w2020-06-25yLFDSZNo se presta c2819d2819